00452nam a2200133Ia 4500008004100000024004700041082001800088100006100106245004300167260002600210600003200236650003300268999001700301260210s9999 xx 000 0 und d a16B-215-EL,17B-035-CE & 17B-048-CE a004.19072 HAM aHamna Farheen,Sarah Saleem Akhter & Aleesha M. Aslam 0aSmart Suit for Navigating Blind Person aKarachi:bUITU,c2017 aComputer System Engineering aBachelor of Engineering (BE) c32792d32792